000 00710nam a2200241 a 4500
001 BRCA_7576
005 20190320205909.0
008 140613s1917----gw-a######---#000-0#ger-#
041 _ager
044 _agw
050 4 _aNK2240
_b.S36 1917
100 1 _aSchmidt, Robert
_97211
245 1 0 _aMöbel
_bein Handbuch fur Sammler und Liebhaber
_cvon Robert Schmidt.
250 _a3
260 _aBerlín
_bRichard Carl Schmidt
_c1917
300 _a256 p.
_bil., 196 láminas
_c22 cm.
440 0 _aBibliothek fur Kunst und Antiquitätensammler
_v5
_918690
500 _aS69
650 1 4 _aMuebles
_vCatálogos
_99329
650 1 4 _aMuebles
_vColeccionistas y colecciones
_918691
902 _aGFM
942 _2lcc
_cB
999 _c7250
_d7250